<?xml version="1.0" encoding="UTF-8"?>
<record
    xmlns:xsi="http://www.w3.org/2001/XMLSchema-instance"
    xsi:schemaLocation="http://www.loc.gov/MARC21/slim http://www.loc.gov/standards/marcxml/schema/MARC21slim.xsd"
    xmlns="http://www.loc.gov/MARC21/slim">

  <leader>01455nam a22002057a 4500</leader>
  <controlfield tag="003">OSt</controlfield>
  <controlfield tag="005">20260424154329.0</controlfield>
  <controlfield tag="008">260424b        |||||||| |||| 00| 0 eng d</controlfield>
  <datafield tag="020" ind1=" " ind2=" ">
    <subfield code="a">9781804186442</subfield>
  </datafield>
  <datafield tag="040" ind1=" " ind2=" ">
    <subfield code="c">AACR-II</subfield>
  </datafield>
  <datafield tag="082" ind1=" " ind2=" ">
    <subfield code="a">530.1 BHA</subfield>
  </datafield>
  <datafield tag="100" ind1=" " ind2=" ">
    <subfield code="a">Bharmal, Zahaan</subfield>
    <subfield code="9">18932</subfield>
  </datafield>
  <datafield tag="245" ind1=" " ind2=" ">
    <subfield code="a">Art of physics: eight elegant ideas to make sense of almost everything</subfield>
  </datafield>
  <datafield tag="260" ind1=" " ind2=" ">
    <subfield code="a">London </subfield>
    <subfield code="b">Ithaka</subfield>
    <subfield code="c">2024</subfield>
  </datafield>
  <datafield tag="300" ind1=" " ind2=" ">
    <subfield code="a">238 p.</subfield>
  </datafield>
  <datafield tag="520" ind1=" " ind2=" ">
    <subfield code="a">'Exceptionally interesting' - Alain de Botton
Why are some relationships unstable, while others last a lifetime? Why do the rich keep getting richer, and can it ever be any other way? And why do we all make seemingly irrational decisions?
People are messy. Science is methodical. Could ideas from physics allow us to solve our most urgent problems? ?This book is about the hidden, surprising, and sometimes beautiful ways in which physics could help you make sense of a chaotic and unpredictable world.
Drawing on cutting-edge research and eye-opening insights from quantum mechanics, thermodynamics, chaos and complexity theory, materials science and more, The Art of Physics shows that science offers a rich vocabulary for tackling contradictions that seem to be the hallmarks of daily life. Not only does physics explain many aspects of our experience, it transforms our understanding of them.</subfield>
  </datafield>
  <datafield tag="650" ind1=" " ind2=" ">
    <subfield code="a">Philosophy and theory </subfield>
    <subfield code="9">18933</subfield>
  </datafield>
  <datafield tag="650" ind1=" " ind2=" ">
    <subfield code="a">General works on physics</subfield>
    <subfield code="9">18934</subfield>
  </datafield>
  <datafield tag="942" ind1=" " ind2=" ">
    <subfield code="2">ddc</subfield>
    <subfield code="c">B</subfield>
  </datafield>
  <datafield tag="952" ind1=" " ind2=" ">
    <subfield code="0">0</subfield>
    <subfield code="1">0</subfield>
    <subfield code="2">ddc</subfield>
    <subfield code="4">0</subfield>
    <subfield code="7">0</subfield>
    <subfield code="a">LBSNAA</subfield>
    <subfield code="b">LBSNAA</subfield>
    <subfield code="d">2026-04-24</subfield>
    <subfield code="g">550.00</subfield>
    <subfield code="l">1</subfield>
    <subfield code="o">530.1 BHA</subfield>
    <subfield code="p">185897</subfield>
    <subfield code="q">2026-05-27</subfield>
    <subfield code="r">2026-05-12</subfield>
    <subfield code="s">2026-05-12</subfield>
    <subfield code="w">2026-04-24</subfield>
    <subfield code="y">B</subfield>
    <subfield code="A"></subfield>
  </datafield>
  <datafield tag="999" ind1=" " ind2=" ">
    <subfield code="c">360779</subfield>
    <subfield code="d">360779</subfield>
  </datafield>
</record>
